| 000 | 00706 a2200157 4500 | ||
|---|---|---|---|
| 003 | NUST | ||
| 005 | 20230126124432.0 | ||
| 040 | _cNust | ||
| 082 | _a909,WEL | ||
| 100 |
_aWells, H.G. _945844 |
||
| 245 |
_aThe Outline of History / _cH.G.Wells |
||
| 260 |
_alondon _bCassell and Company _c1937 |
||
| 300 | _axviii,1223 p; | ||
| 505 | _aThe World before Man (Page-13), The Making of Man (Page-62), The First Civilizations (Page-157), Judea Greece and India (Page-252), Rise and Collapse of the Roman Empire (Page-411), Christianity and Islam (Page-520), The Mongol Empires of the Land Ways and the New Empires of the Sea Ways (Page-693), The Age of the Great Powers (Page-796). | ||
| 942 |
_2ddc _cBK _k909,WEL |
||
| 999 |
_c193997 _d193997 |
||